Drum Beats : Walt Whitman's civil war boy lovers /

I tiakina i:
Ngā taipitopito rārangi puna kōrero
Kaituhi matua: Shively, Charley (Author)
Hōputu: Pukapuka
Reo:Ingarihi
I whakaputaina: San Fancisco : Gay Sunshine, 1989
Ngā Tūtohu: Tāpirihia he Tūtohu
Kāore He Tūtohu, Me noho koe te mea tuatahi ki te tūtohu i tēnei pūkete!

MARC

LEADER 00000nam a22000007i 4500
001 IT\ICCU\UBO\3523450
003 ItRI
005 20260115231827.0
008 081113s1989 xxu|||||| ||||| |||||c
020 |a 0917342067 (cloth) 
020 |a 0917342075 (paperback) 
040 |b ita  |c importazione bologna sebina 
041 7 |a eng  |2 ISO-639-2 
100 1 |a Shively, Charley  |0 IT\ICCU\UBOV\786703  |4 aut 
245 1 0 |a Drum Beats :  |b Walt Whitman's civil war boy lovers /  |c edited with introduction and bibliography by Charley Shively. 
260 |a San Fancisco :  |b Gay Sunshine,  |c 1989 
300 |a 256 p. :  |b ill. ;  |c 23 cm. 
942 |2 ddc  |c BK  |n 0 
952 |0 0  |1 0  |4 0  |6 DOC_810_900000000000000_SHI  |7 0  |9 13643  |a BO  |b BO  |d 2026-01-15  |i 2066  |l 0  |o DOC 810.900 SHI  |p BO2066  |r 2026-01-15 23:18:27  |w 2026-01-15  |x [Sebina 5] [1 v.]  |y BK  |z 1 v. 
999 |c 11737  |d 11737